000 00241nam a2200097Ia 4500
008 230915s9999 xx 000 0 und d
050 _aTD 1030 .L34 2001
100 _aLAGREGA MICHAEL D.
245 0 _aHAZARDOUS WASTE MANAGEMENT
942 _cBK
999 _c203683
_d203683